Multiple-Choice-Stadtquiz Bochum - Statistiken

Allgemein
  • Dieses Quiz wurde 1.166 mal gespielt
    1.106 seit der letzten Aktualisierung
  • Das Durchschnittsergebnis liegt bei 6 aus 10
Antwortstatistiken
Frage Antwort % Korrekt
Bekannter Musiker aus Bochum Herbert Grönemeyer
90%
Berühmtes Musical aus Bochum Starlight Express
86%
Welcher Fluss fließt durch Bochum? Ruhr
79%
Welches dieser Museen steht in Bochum? Deutsches Bergbau-Museum
75%
Wie heißt eine berühmte Restaurantmeile in der Bochumer Innenstadt? Bermuda3eck
61%
An welche dieser Städte grenzt Bochum NICHT? Oberhausen
55%
In welchem Park liegt die Jahrhunderthalle? Westpark
52%
Welche neue Autobahn bildet die Südumfahrung in Bochum? A448
51%
Wie heißt das älteste Viertel Bochums? Gerberviertel
41%
Welche ist die einzige Straßenbahnlinie in Bochum, die nicht durch den Bochumer Hauptbahnhof führt? 309
35%
Keine übereinstimmenden Quizze gefunden
Verteilung der Resultate
Anzahl Personen mit jedem Resultat
Perzentil nach korrekt beantworteten Fragen
Ihre Resultats-Entwicklung
Sie haben dieses Quiz seit der letzten Aktualisierung nicht gespielt